William Shatner Filmography - Statistics

General Stats
  • This quiz has been taken 33 times
    6 since last reset
  • The average score is 13 of 410
Answer Stats
Type Year Name % Correct
Film 1984 Star Trek III: The Search for Spock
80%
Film 1986 Star Trek IV: The Voyage Home
80%
TV Show 1973-1974 Star Trek: The Animated Series
80%
Film 1979 Star Trek: The Motion Picture
80%
TV Show 1966-1969 Star Trek: The Original Series
80%
Film 1989 Star Trek V: The Final Frontier
80%
Film 1982 Star Trek II: The Wrath of Khan
60%
Film 1991 Star Trek VI: The Undiscovered Country
60%
Film 2000 Miss Congeniality
40%
Film 2005 Miss Congeniality 2: Armed and Fabulous
40%
Film 2006 Over the Hedge
40%
TV Show 1986, 2008 Saturday Night Live
40%
Film 1994 Star Trek Generations
40%
Video Game 1997 Star Trek Generations
40%
Film 1958 The Brothers Karamazov
40%
TV Show 1960, 1963 The Twilight Zone
40%
TV Show 1982-1986 T.J. Hooker
40%
Film 1982 Airplane II: The Sequel
20%
TV Show 2004-2008 Boston Legal
20%
TV Documentary 2014 Chaos on the Bridge
20%
TV Show 1976, 1994 Columbo
20%
Film 2004 DodgeBall: A True Underdog Story
20%
TV Show 2002 Futurama
20%
Film 1977 Kingdom of the Spiders
20%
Theater 1954 Oedipus Rex
20%
Film 1957 Oedipus Rex
20%
Commercial 1997-Present Priceline.com
20%
Film 2010 Quantum Quest: A Cassini Space Odyssey
20%
TV Show 1978 The Bastard
20%
Film 1951 The Butler's Night Off
20%
Film 1975 The Devil's Rain
20%
Film 1961 The Explosive Generation
20%
TV Show 1970 The F.B.I.
20%
TV Film 2001 The Kid
20%
Film 1980 The Kidnapping of the President
20%
TV Show 1965-1978 The Mike Douglas Show
20%
TV Special 2002 100 Greatest One Hit Wonders
0%
Documentary 2017 100 Years of NASA Langley
0%
TV Show 1965 12 O'Clock High
0%
Award Show 1978 1978 Science Fiction Film Awards
0%
Award Show 2011 31st Annual Genie Awards
0%
Award Show 2010 37th Annie Awards
0%
TV Show 1999-2000 3rd Rock from the Sun
0%
Documentary 1986 444 Days to Freedom: What Really Happened in Iran
0%
Web Series 2024 765874
0%
TV Show 1963 77 Sunset Strip
0%
TV Film 2003 A Carol Christmas
0%
Film 2015 A Christmas Horror Story
0%
Documentary Series 2010-2011 Aftermath with William Shatner
0%
TV Show 2016 Alan Carr's 12 Stars of Christmas
0%
TV Show 1963 Alcoa Premiere
0%
TV Show 1960 Alcoa Presents: One Step Beyond
0%
TV Film 1963 Alexander the Great
0%
TV Show 1957, 1959, 1960 Alfred Hitchcock Presents
0%
Documentary 2024 Aliens Among Us
0%
Film 2018 Aliens Ate My Homework
0%
TV Documentary 1990 Amazon: Land of the Flooded Forest
0%
TV Show 2011 American Pickers
0%
Film 2002 American Psycho 2
0%
Film 2002 American Psycho II: All American Girl
0%
TV Show 1974 Amy Prentiss
0%
TV Show 1981, 1991 An Evening at the Improv
0%
TV Show 1977 Anyone for Tennyson? The Master Poets Collection
0%
TV Show 1964 Arrest and Trial
0%
Theater 1973 Arsenic and Old Lace
0%
Theater 1961-1962 A Shot in the Dark
0%
Film 2016 A Sunday Horse
0%
TV Show 2005 Atomic Betty
0%
Documentary 1999 Atomic Journeys: Welcome to Ground Zero
0%
Commercial 2005-2006 Attorney Mark E. Salamone
0%
TV Show 1999 A Twist in the Tale
0%
Film 1976 A Whale of a Tale
0%
TV Show 1975-1976 Barbary Coast
0%
TV Show 1973 Barnaby Jones
0%
Film 2017 Batman vs. Two-Face
0%
Documentary Series 2016-2018 Better Late Than Never
0%
Film 1974 Big Bad Mama
0%
Documentary Series 1996, 1998, 1999, 2005 Biography
0%
Commercial 2004 Blockbuster Video
0%
TV Show 1964, 1966 Bob Hope Presents the Chrysler Theatre
0%
TV Show 2001 Bob Patterson
0%
Documentary Series 2015 Breaking Ground
0%
TV Film 1988 Broken Angel
0%
Web Series 2015 Brown Bag Wine Tasting
0%
TV Show 1964 Burke's Law
0%
TV Show 1971 Cade's County
0%
TV Show 1957 Camera Three
0%
TV Show 1969 CBS Playhouse
0%
Music Video 2002 Celebrity
0%
TV Show 1963 Channing
0%
TV Show 2004 Chilly Beach
0%
Short Documentary 1959 City Out of Time
0%
TV Show 2015-Present Clangers
0%
TV Show 1958 Climax!
0%
TV Special 2011 Comedy Central Roast of Charlie Sheen
0%
TV Special 2005 Comedy Central Roast of William Shatner
0%
TV Show 2016 Comic Book Men
0%
Commercial Early 1980s Commodore Computers
0%
Commercial 1982 Commodore VIC-20 Computer
0%
TV Show 2004 Cooking's a Drag
0%
TV Show 1997 Cosby
0%
Documentary Series 2002 Cosmic Odyssey
0%
TV Film 1978 Crash
0%
Film 2019 Creators: The Past
0%
Commercial 2003 Crest Toothpaste
0%
TV Show 2016 Cutthroat Kitchen
0%
TV Show 2016 Cutthroat Kitchen
0%
TV Show 2015 Dancing with the Stars
0%
TV Film 1996 Dead Man's Island
0%
Theater 1980 Deathtrap
0%
Film 2019 Devil's Revenge
0%
TV Special 2023 Dick Van Dyke - 98 Years of Magic
0%
Commercial 2006 DirecTV
0%
TV Film 1979 Disaster on the Coastliner
0%
TV Show 1998 Disney's Hercules: The Animated Series
0%
TV Show 1967 Dream Girl of '67
0%
TV Show 1961, 1966 Dr. Kildare
0%
TV Show 1993, 1995 Eek! The Cat
0%
Video Game 2014 Elite: Dangerous
0%
TV Show 1954-1960 Encounter
0%
Film 2013 Escape from Planet Earth
0%
TV Mini-Series 2007 Everest
0%
Short Documentary 1995 Every Time Every Ride
0%
TV Show 2021 Expedition Unknown
0%
Documentary Series 2008 Extraordinary Animals
0%
Video Game 2014 Family Guy: The Quest for Stuff
0%
TV Film 1993 Family of Strangers
0%
Film 2009 Fanboys
0%
TV Show 2007 Fast Cars and Superstars: The Gillette Young Guns Celebrity Race
0%
TV Show 1960 Festival
0%
Film 2001 Festival in Cannes
0%
TV Documentary 1990 Fire Attack
0%
Film 2022 Fireheart
0%
TV Film 2007 Fire Serpent
0%
TV Show 1974 Flick Flack
0%
TV Show 1965 For the People
0%
Film 1999 Free Enterprise
0%
TV Show 1981, 1982 Fridays
0%
TV Show 2002 Full Moon Fright Night
0%
TV Show 1968 George Jessel's Here Come the Stars
0%
TV Film 1973 Go Ask Alice
0%
TV Show 1956 Goodyear Playhouse
0%
TV Show 2017 Gotham Comedy Live
0%
TV Film 2008 Gotta Catch Santa Claus
0%
Film 2002 Groom Lake
0%
TV Show 1966 Gunsmoke
0%
TV Show 2016 Hashtaggers
0%
TV Show 2012 Have I Got News for You
0%
TV Show 2015 Haven
0%
TV Show 1972 Hawaii Five-O
0%
TV Show 2015 Hell's Kitchen
0%
Theater 1956 Henry V
0%
TV Show 2010-2011 $h*! My Dad Says
0%
Film 2011 Horrorween
0%
TV Show 2013 Hot in Cleveland
0%
TV Show 1978 How the West Was Won
0%
TV Documentary 2005 How William Shatner Changed the World
0%
Documentary Series 2006-2007 HypaSpace
0%
TV Documentary 1980 Hypnosis and Beyond
0%
Film 1974 Impulse
0%
TV Film 1973 Incident on a Dark Street
0%
Film 1966 Incubus
0%
TV Film 1974 Indict and Convict
0%
Documentary Series 1973 Inner Space
0%
Commercial 2018 Inogen One Oxygen Concentrators
0%
TV Show 1967 Insight
0%
TV Show 2005 Invasion Iowa
0%
TV Show 1970, 1971, 1974 Ironside
0%
TV Film 1994 Janek: The Silent Betrayal
0%
Film 1961 Judgement at Nuremberg
0%
Theater 1955 Julius Caesar
0%
TV Film 2015 Just in Time for Christmas
0%
Film TBA Keeper of the Cup
0%
Documentary Series 2001 Keeping America Strong
0%
Commercial 2003-2005 Kellogg's All-Bran Cereal
0%
TV Special 2013 Kelly Clarkson's Cautionary Christmas Music Tale
0%
Theater 1955 King Oedipus
0%
TV Show 1974 Kodiak
0%
TV Show 1957, 1958 Kraft Theatre
0%
TV Show 1974 Kung Fu
0%
Film 1978 Land of No Return
0%
Film 1998 Land of the Free
0%
TV Film 2005 Last Laugh '05
0%
Film 2005 Lil' Pimp
0%
TV Mini-Series 1978 Little Women
0%
Short Film 2007 Live Life
0%
Commercial 1970s Loblaws
0%
TV Show 1982 Madame's Place
0%
TV Documentary 2010 Making a Scene
0%
Film 2016 Malevolent
0%
TV Show 1973 Mannix
0%
TV Show 1972 Marcus Welby, M.D.
0%
Documentary Series 2007 Mars Rising
0%
Web Series 2024 Masters of the Universe: Revolution
0%
TV Show 1975, 1976 Match Game PM
0%
TV Show 1958 Matinee Theatre
0%
Theater 1954 Measure for Measure
0%
TV Show 1970 Medical Center
0%
Commercial 2021 Medicare Coverage Helpline
0%
TV Show 1971 Men at Law
0%
Commercial 1998 Microsoft's WEB TV
0%
TV Show 1971, 1972 Mission: Impossible
0%
Documentary Series 2016 MLB Network Presents
0%
Commercial 2001 Molson Canadian Beer
0%
TV Show 1960 Moment of Fear
0%
TV Show 1982 Mork & Mindy
0%
TV Show 1996 Muppets Tonight
0%
TV Show 2015 Murdoch Mysteries
0%
Web Series 2021 My Life Is Murder
0%
TV Show 2017 My Little Pony: Friendship Is Magic
0%
Documentary 1976 Mysteries of the Gods
0%
TV Documentary 1977 Mysteries of the Gods
0%
TV Show 1990 My Talk Show
0%
TV Show 1962 Naked City
0%
Film 1993 National Lampoon's Loaded Weapon 1
0%
TV Show 1959 Nero Wolfe
0%
Commercial 1988 NFL on FOX
0%
TV Show 1972 Norman Corwin Presents
0%
TV Film 1985 North Beach and Rawhide
0%
Documentary 1999 Nukes in Space
0%
TV Show 1968 Off to See the Wizard
0%
Commercial 1989 Oldsmobile
0%
TV Show 1956, 1957 Omnibus
0%
TV Show 1955, 1956 On Camera
0%
Music Video 2007 Online
0%
Film 1963 Operation Bikini
0%
Film 2001 Osmosis Jones
0%
TV Show 1960 Outlaws
0%
TV Show 1971, 1972 Owen Marshall, Counselor at Law
0%
TV Show 1970 Paris 7000
0%
TV Film 1975 Perilous Voyage
0%
Theater 1971 Period of Adjustment
0%
TV Show 1968-1969 Personality
0%
TV Show 1997 Perversions of Science
0%
TV Show 1974 Petrocelli
0%
TV Film 1973 Pioneer Woman
0%
Commercial 2022 Planet Fitness
0%
TV Show 1955 Playbill
0%
TV Show 1958 Playhouse 90
0%
TV Show 1960 Play of the Week
0%
TV Film 1960 Point of Departure
0%
TV Show 1982 Police Squad!
0%
TV Show 1974 Police Story
0%
TV Show 1973, 1974 Police Surgeon
0%
TV Show 1974 Police Woman
0%
TV Film 1974 Pray for the Wildcats
0%
TV Film 1996 Prisoner of Zenda, Inc.
0%
TV Show 2017, 2019 Private Eyes
0%
Commercial 1974 Promise Margarine
0%
TV Show 2011, 2012 Psych
0%
Film 2016 Range 15
0%
Theater 1970-1971 Remote Asylum
0%
Documentary Series 1989-1996 Rescue 911
0%
TV Film 1979 Riel
0%
TV Show 2012 Rookie Blue
0%
TV Show 1963 Route 66
0%
TV Show 1955 Scope
0%
TV Show 1994 seaQuest DSV
0%
Short Documentary 1987 Seasons
0%
Short Documentary TBA Seasons
0%
TV Film 1984 Secrets of a Married Man
0%
Film 2021 Senior Moment
0%
Documentary 2021 Shatner in Space
0%
TV Show 2008-2011 Shatner's Raw Nerve
0%
Theater 2012 Shatner's World: We Just Live in It
0%
Film 2002 Shoot or Be Shot
0%
TV Show 2006 Show Me the Money
0%
TV Show 2006 Show Me the Money
0%
Film 2002 Showtime
0%
Commercial 2019 SoClean Automatic CPAP Cleaner and Sanitizer
0%
TV Film 1970 Sole Survivor
0%
TV Show 1953 Space Command
0%
TV Show 2003 Space Ghost Coast to Coast
0%
Documentary 2011 Space Shuttle
0%
Film 2006 Stalking Santa
0%
TV Show 2023 Stars on Mars
0%
Video Game 1992 Star Trek: 25th Anniversary
0%
TV Special 1991 Star Trek 25th Anniversary Special
0%
TV Show 1996 Star Trek: Deep Space Nine
0%
Video Game 2006 Star Trek: Encounters
0%
Video Game 1993 Star Trek: Judgement Rites
0%
Video Game 2006 Star Trek: Legacy
0%
Video Game 1997 Star Trek: Starfleet Academy
0%
Video Game 2006 Star Trek: Tactical Assault
0%
TV Show 1957 Studio One
0%
TV Show 1959 Sunday Showcase
0%
TV Show 1958 Suspicion
0%
TV Film 1970 Swing Out, Sweet Land
0%
TV Show 1959 Tactic
0%
TV Show 2012-2017 Talk Stoop
0%
Theater 1956 Tamburlaine the Great
0%
TV Show 1974-1975 Tattletales
0%
TV Film 1994 TekWar
0%
TV Show 1994-1996 TekWar
0%
TV Film 1994 TekWar: TekJustice
0%
TV Film 1994 TekWar: TekLab
0%
TV Film 1994 TekWar: TekLords
0%
TV Mini-Series 1977 Testimony of Two Men
0%
TV Show 1973-1977 The $10,000 Pyramid
0%
TV Show 1974-1978 The $25,000 Pyramid
0%
Award Show 1987 The 44th Annual Golden Globe Awards
0%
TV Special 2001 The 50th Annual Miss USA Pageant
0%
Award Show 1992 The 6th Annual Genesis Awards
0%
Short Film 2013 The All Glory Project
0%
TV Film 1970 The Andersonville Trial
0%
TV Film 1980 The Babysitter
0%
TV Show 2019 The Big Bang Theory
0%
TV Show 1966 The Big Valley
0%
TV Show 1973 The Bold Ones: The New Doctors
0%
TV Show 2003 The Bronx Bunny Show
0%
TV Show 1954 The Canadian Howdy Doody Show
0%
TV Film 1958 The Christmas Tree
0%
TV Show 1974 The Collaborators
0%
TV Show 2020 The Curse of Oak Island: Drilling Down
0%
TV Show 1961-1965 The Defenders
0%
TV Show 1963 The Dick Powell Theatre
0%
TV Show 1963 The Doctors and the Nurses
0%
TV Show 1960 The DuPont Show of the Month
0%
TV Show 1958 The Ed Sullivan Show
0%
TV Show TBA The Elevator
0%
Film 1997 The First Men in the Moon
0%
TV Show 1996 The Fresh Prince of Bel-Air
0%
TV Show 1965 The Fugitive
0%
Web Series 2009 The Gavones
0%
TV Special 2005 The Greatest: The 40 Hottest Rock Star Girlfriends... and Wives
0%
TV Show 1967-1976 The Hollywood Squares
0%
TV Film 1973 The Horror at 37,000 Feet
0%
TV Film 1972 The Hound of the Baskervilles
0%
TV Mini-Series 2017 The Indian Detective
0%
Film 1962 The Intruder
0%
TV Show 1969 The John Gary Show
0%
TV Show 1956, 1957 The Kaiser Aluminum Hour
0%
TV Show 1992 The Larry Sanders Show
0%
Commercial 2010 The Law Office of William Gee
0%
Commercial 2005 The Law Offices of Brown & Crouppen, Personal Injury Attorneys
0%
Commercial 2007 The Law Offices of Hupy and Abraham
0%
Commercial 2005 The Law Offices of Jeff Martin, Attorney at Law
0%
Commercial 2006 The Law Offices of Joe Bornstein
0%
Music Video 2011 The Lazy Song
0%
TV Mini-Series 1975 The Lives of Benjamin Franklin
0%
TV Show 1974 The Magician
0%
TV Show 1964 The Man from U.N.C.L.E.
0%
TV Show 2022, 2024 The Masked Singer
0%
TV Show 1969, 1974-1975 The Match Game
0%
Theater 1955 The Merchant of Venice
0%
Theater 1956 The Merry Wives of Windsor
0%
Commercial 2009-Present The Mike Slocumb Law Firm
0%
TV Show 1970 The Name of the Game
0%
TV Show 1977 The Oregon Trail
0%
TV Show 1964 The Outer Limits
0%
Film 1964 The Outrage
0%
TV Show 1968 The Pat Boone Show
0%
TV Film 1972 The People
0%
TV Show 2004 The Practice
0%
TV Show 1985 The Ray Bradbury Theater
0%
TV Show 1964 The Reporter
0%
Theater 1969 There's a Girl in My Soup
0%
TV Show 1960 The Robert Herridge Theater
0%
TV Show 1975 The Rookies
0%
Documentary 2004 The Rose Parade: A Pageant for the Ages
0%
TV Special 1987 The Search for Houdini
0%
TV Special 2008 The Shatner Project
0%
Documentary Series 2014 The Shatner Project
0%
TV Show 1974 The Six Million Dollar Man
0%
TV Show 1972 The Sixth Sense
0%
TV Film 1969 The Skirts of Happy Chance
0%
Short Film 1962 The Soldier
0%
Film 2018 The Steam Engines of Oz
0%
Theater 1954 The Taming of the Shrew
0%
Theater 1970 The Tender Trap
0%
TV Film 1976 The Tenth Level
0%
Film 1978 The Third Walker
0%
TV Film 1988 The Trial of Standing Bear
0%
Documentary 2017 The Truth Is in the Stars
0%
Film 2007 The Tuttles: Madcap Misadventures
0%
TV Show 1958 The United States Steel Hour
0%
Documentary Series 2019-Present The UnXplained
0%
Documentary Series 2024 The UnXplained: Mysteries of the Universe
0%
Documentary Series 2023-Present The UnXplained Special Presentation
0%
TV Documentary 1982 The Vegetarian World
0%
TV Show 1965, 1969 The Virginian
0%
Film 2006 The Wild
0%
Theater 1958-1960 The World of Suzie Wong
0%
TV Show 1961 Thriller
0%
TV Documentary 1987 Top Flight
0%
Film 2019 To Your Last Death
0%
Documentary 1995 Trinity and Beyond: The Atomic Bomb Movie
0%
TV Documentary 1997 TV Guide Looks at Science Fiction
0%
TV Special 1984 TV's Funniest Game Show Moments
0%
Short Documentary 1976 Universe
0%
Documentary Series 2016 Unlocked: The World of Games, Revealed
0%
TV Mini-Series 1971 Vanished
0%
Commercial 2013, 2015 Visit California
0%
Film 1982 Visiting Hours
0%
TV Mini-Series 1991 Voice of the Planet
0%
Commercial 2014 VW Golf Automobile
0%
Documentary Series 2010-2012 Weird or What?
0%
Commercial 2004 Wendy's
0%
TV Documentary 2001 Whale Shark Hunters of the Philippines
0%
TV Show 1997 Wheel of Fortune
0%
Documentary 2016 When Elephants Were Young
0%
Film 1968 White Comanche
0%
Documentary 2024 Wild Wild Space
0%
Documentary 2009 William Shatner's Gonzo Ballet
0%
Documentary 1995 William Shatner's Star Trek Memories
0%
Video Game 1995 William Shatner's TekWar
0%
Short Film 2015 William Shatner War Chronicles: German
0%
Commercial 2007 World of Warcraft
0%
TV Show 1995, 2007, 2010 WWE Raw
0%
Documentary 2023 You Can Call Me Bill
0%
No matching quizzes found
Score Distribution
Percent of People with Each Score
Percentile by Number Answered
Your Score History
You have not taken this quiz since the last reset